000 00796nam a2200265Ia 4500
003 OSt
005 20221006160028.0
006 a|||||r|||| 00| 0
007 ta
008 221006b |||||||| |||| 00| 0 eng d
020 _a9781848846845
_c
_19.99
024 _a44,102
037 _bGift, Korean Embassy (Window on Korea)
_cTextual
040 _aEASL
_cEASL
_beng
041 _2eng
_aeng
082 _aV495.N5, Q1
100 _aCooper George
_9618244
245 0 _aFight,Dig and live
_b The Story of the Royal Engineers in the Korean War
260 _aBarnsley
_bPen and Sword
_c2011
300 _a212p.
_ccm.
490 _v KEL
650 _aKEL
942 _hV495.N5, Q1
_cTEXL
_2CC
999 _c1112194
_d1112194